000 00787nmm a2200289 a 4500
003 AR-BaBNM
005 20251128210328.0
008 029119s1970 ||||||||||||||000 | spa||
020 _a0-7190-0433-0
040 _cAR-BaBNM
245 1 0 _aUniversity perspectives
260 _aManchester
_bManchester University Press
_c1970
300 0 _a297 p.
650 4 _aUNIVERSIDADES
650 4 _aDEMANDA DE EDUCACION
650 4 _aNECESIDADES EDUCACIONALES
650 4 _aPLANIFICACION DE LA UNIVERSIDAD
650 4 _aPAPEL DE LA UNIVERSIDAD
651 4 _aReino Unido
653 0 _aEDUCACION SUPERIOR
653 0 _aCAMBIO EDUCATIVO
700 1 _aKnapp, John
_eeditor
700 1 _aSwanton, Michael
_eeditor
700 1 _aJevons, F.R.
_eeditor
942 _cBK
998 _cRaquel
999 _c14982
_d14982